Incesto paterno filial: una visión multidisciplinaria, perspectivas históricas, psicológicas, jurídicas y forense.

Spremljeno u:
Bibliografski detalji
Glavni autor: Giberti, Eva
Daljnji autori: Lamberti, Silvio, Viar, Juan Pablo, Yantorno, Noemí
Format: Knjiga
Jezik:španjolski
Izdano: Buenos Aires, Argentina Universidad 1998
Teme:
Oznake: Dodaj oznaku
Bez oznaka, Budi prvi tko označuje ovaj zapis!

MARC

LEADER 00000nam a2200000 a 4500
001 UCP3916
003 CL-VaPUC
005 20240820104141.0
008 990709e19980000AG |||||||||||||||||spa|d
999 |c 282032  |d 282030 
040 |c Pontificia Universidad Católica de Valparaíso 
082 0 4 |a 364.153 GIB 1998  |2 21 
100 |a Giberti, Eva  |9 601501 
245 1 0 |a Incesto paterno filial: una visión multidisciplinaria, perspectivas históricas, psicológicas, jurídicas y forense. 
260 0 3 |a Buenos Aires, Argentina  |b Universidad  |c 1998 
300 |a 291 páginas 
583 |a last modification  |c 19990709 00:00:00  |k Rodrigo Vera 
650 7 |a INCESTO  |2 CL-VaPUC  |9 338791 
650 0 |a Violencia intrafamiliar  |9 312986 
650 0 |a Abuso sexual  |9 475641 
650 0 |a Jurisprudencia  |9 255952 
650 0 |a Aspectos jurídicos  |9 328188 
650 0 |a Código penal  |9 255935 
700 0 |a Lamberti, Silvio  |9 431280 
700 0 |a Viar, Juan Pablo  |9 431281 
700 0 |a Yantorno, Noemí  |9 431282 
942 |c BK  |2 ddc 
945 |d 19990709 00:00:00  |a rbrito 
952 |0 0  |1 0  |2 ddc  |4 0  |6 364_153000000000000_GIB_1998  |7 0  |8 A  |9 323309  |a BIBGIM  |b BIBGIM  |d 2019-11-20  |i 3538699  |o 364.153 GIB 1998  |p 3538699  |r 2025-01-15  |t 1  |w 2019-11-20  |y BK  |k GIM